000 01545nam a22003377a 4500
005 20240530110352.0
008 141228s2004 jo f 000 0 ara d
017 _a49/1/2004
_bمصر . دار الكتب المصرية
040 _aEG-CaGPL
041 0 _aara
082 0 4 _221
_a962.048
_bق/ب ف
100 0 _aبسام عبدالسلام البطوش
245 1 2 _aالفكر الاجتماعى فى مصر :
_bدراسة فى الخطاب الاجتماعى الاسلامى والليبرالى واليسارى فى مصر خلال فترة ما بين الحربين العالميتين /
_cبسام عبدالسلام البطوش ؛ تقديم على محافظة
250 _aط1
260 _aعمان :
_bعالم الكتب الحديث ،
_c2004
300 _a428 ص؛
_c24 سم
504 _aببليوجرافية : ص 349 - 428
650 0 4 _aالليبرالية
_zمصر
650 0 4 _aالمرأة
_xالاحوال السياسية
_zمصر
650 0 4 _aالتيارات الاسلامية
_zمصر
650 0 4 _aالجماعات الاسلامية
_zمصر
650 0 4 _aالحجاب
_zمصر
650 0 4 _aالجامع الازهر ( مصر )
650 0 4 _aالتيار اليساى
_zمصر
651 0 4 _aمصر
_xالاحوال الاجتماعية
651 0 4 _aمصر
_xالاحوال السياسية
_y1919 - 1939
651 0 4 _aمصر
_xالاحوال الاقتصادية
_y1919 - 1939
700 0 _aعلى محافظة
_eمقدم
942 _2ddc
_cBK
999 _c60098
_d60098